[Event "Kolkata DBCA op 5th"]
[Site "Kolkata"]
[Date "2024.04.16"]
[Round "9"]
[White "Kaustuv, Kundu"]
[Black "Santu, Mondal"]
[Result "1-0"]
[WhiteElo "2386"]
[BlackElo "1983"]
[PlyCount "139"]
[EventDate "2024.04.11"]
[EventType "swiss"]
[EventRounds "9"]
[EventCountry "IND"]
[SourceTitle "CB17_2024"]
[SourceDate "2024.04.24"]
[SourceVersion "1"]
[SourceVersionDate "2024.04.24"]
[SourceQuality "1"]

1. c4 e6 2. Nf3 d5 3. e3 Nf6 4. b3 b6 5. Bb2 Bb7 6. Nc3 Nbd7 7. Rc1 a6 8. cxd5 exd5 9. Ne2 c5 10. Ng3 g6 11. Be2 Bg7 12. 0-0 0-0 13. d4 Ne4 14. Rc2 Rc8 15. Qa1 Qe7 16. dxc5 Bxb2 17. Qxb2 bxc5 18. Rfc1 h5 19. Nxe4 dxe4 20. Nd2 Ne5 21. Nc4 Nd3 22. Bxd3 exd3 23. Rd2 Rfe8 24. f3 Rcd8 25. Rcd1 Qg5 26. Rxd3 Rxd3 27. Rxd3 Bxf3 28. Qf2 Be4 29. Rd7 Bf5 30. Rd5 Qf6 31. h3 Qa1+ 32. Kh2 Be6 33. Rxc5 Bxc4 34. Rxc4 Qe5+ 35. Qg3 Qxe3 36. Qxe3 Rxe3 37. Ra4 Re6 38. Kg3 Kg7 39. Kf4 f6 40. Re4 Rd6 41. Ke3 g5 42. b4 Kg6 43. a4 Kf5 44. Rd4 Re6+ 45. Kf3 Rc6 46. Rd5+ Kg6 47. Ke3 Rc4 48. Rd4 Rc3+ 49. Rd3 Rc2 50. Rd2 Rc3+ 51. Kd4 Ra3 52. a5 Rb3 53. Kc5 g4 54. h4 Kf5 55. Rd5+ Kf4 56. Rd6 f5 57. Rxa6 Kg3 58. Rf6 f4 59. a6 Kxg2 60. Rxf4 Kh3 61. Rf8 Ra3 62. Kb6 g3 63. a7 g2 64. Rg8 Rg3 65. Rxg3+ Kxg3 66. a8Q g1Q+ 67. Kc7 Kxh4 68. Qd8+ Qg5 69. b5 Qxd8+ 70. Kxd8 1-0

[Event "Kolkata DBCA op 5th"]
[Site "Kolkata"]
[Date "2024.04.14"]
[Round "6"]
[White "Kaustuv, Kundu"]
[Black "Arhashirsha, Biswas"]
[Result "1-0"]
[WhiteElo "2386"]
[BlackElo "1736"]
[PlyCount "127"]
[EventDate "2024.04.11"]
[EventType "swiss"]
[EventRounds "9"]
[EventCountry "IND"]
[SourceTitle "CB17_2024"]
[SourceDate "2024.04.24"]
[SourceVersion "1"]
[SourceVersionDate "2024.04.24"]
[SourceQuality "1"]

1. c4 Nf6 2. g3 e6 3. Bg2 d5 4. Nf3 Be7 5. 0-0 0-0 6. b3 b6 7. d4 Bb7 8. Nc3 Nbd7 9. Bb2 c5 10. Ne1 Rb8 11. cxd5 Nxd5 12. Nxd5 exd5 13. Rc1 Bf6 14. Nc2 Re8 15. h4 Nf8 16. Ba1 Ne6 17. Re1 Rc8 18. dxc5 Bxa1 19. c6 Rxc6 20. Rxa1 Rd6 21. Nd4 Nxd4 22. Qxd4 Qd7 23. e3 Rc8 24. Rac1 Bc6 25. Red1 Rd8 26. Rd2 Qe7 27. Rdc2 Qd7 28. Kh2 h6 29. Rd2 Qe7 30. Rcd1 f6 31. Qb4 Qe5 32. Rd4 f5 33. h5 f4 34. exf4 Qxh5+ 35. Kg1 Qf5 36. Qd2 Kh8 37. Be4 Qf6 38. Bb1 Re8 39. Be4 Rc8 40. Bf3 Rd7 41. Kg2 Rf7 42. Rh1 Kg8 43. Rh5 Rd7 44. Kh2 Qf7 45. Re5 Kh8 46. Qe3 a6 47. Bd1 Rd6 48. Bh5 Qf6 49. Re7 Rf8 50. Kg1 g6 51. Be2 a5 52. Qe5 Kg8 53. Bg4 Kh8 54. Be2 Kg8 55. Bg4 Kh8 56. Bh3 h5 57. Bg2 Rfd8 58. Qe3 R8d7 59. Re5 Kg7 60. Bh3 Rd8 61. Re7+ Kh8 62. Qe5 Rf8 63. a3 Rfd8 64. Rf7 1-0

[Event "Guwahati Sakatam op 1st"]
[Site "Guwahati"]
[Date "2024.03.27"]
[Round "9"]
[White "Kumar, Gaurav"]
[Black "Kaustuv, Kundu"]
[Result "1-0"]
[WhiteElo "2049"]
[BlackElo "2388"]
[PlyCount "97"]
[EventDate "2024.03.23"]
[EventType "swiss"]
[EventRounds "10"]
[EventCountry "IND"]
[SourceTitle "CB15_2024"]
[SourceDate "2024.04.10"]
[SourceVersion "1"]
[SourceVersionDate "2024.04.10"]
[SourceQuality "1"]

1. Nf3 Nf6 2. c4 g6 3. b4 Bg7 4. Bb2 0-0 5. g3 Nc6 6. Qb3 e5 7. Nxe5 Nxe5 8. Bxe5 Re8 9. Bb2 a5 10. Bg2 axb4 11. e3 Ne4 12. Bxg7 Kxg7 13. d4 Qf6 14. 0-0 c5 15. Bxe4 Rxe4 16. Nd2 Re8 17. dxc5 d6 18. cxd6 Qxd6 19. Rfd1 Qc6 20. Qxb4 Bh3 21. Qc3+ Kg8 22. f3 f5 23. c5 Re7 24. Kf2 Rae8 25. Re1 g5 26. Rac1 g4 27. Qc4+ Kh8 28. e4 gxf3 29. e5 Bg4 30. h3 Bxh3 31. Nxf3 Bg4 32. Qc3 Rf8 33. e6+ Kg8 34. Ne5 Qd5 35. Nd7 Rxd7 36. exd7 Qxd7 37. Qe3 Rf7 38. Qe8+ Kg7 39. Qe5+ Kg6 40. Qe6+ Kg7 41. Qxd7 Rxd7 42. Rc2 Kf6 43. a4 Kg5 44. a5 Bd1 45. c6 bxc6 46. Rxc6 Bb3 47. a6 Bd5 48. Rc5 Kg4 49. Rd1 1-0

[Event "Guwahati Sakatam op 1st"]
[Site "Guwahati"]
[Date "2024.03.25"]
[Round "5"]
[White "Abhrojyoty, Nath"]
[Black "Kaustuv, Kundu"]
[Result "0-1"]
[WhiteElo "1845"]
[BlackElo "2388"]
[PlyCount "66"]
[EventDate "2024.03.23"]
[EventType "swiss"]
[EventRounds "10"]
[EventCountry "IND"]
[SourceTitle "CB15_2024"]
[SourceDate "2024.04.10"]
[SourceVersion "1"]
[SourceVersionDate "2024.04.10"]
[SourceQuality "1"]

1. d4 Nf6 2. Nf3 g6 3. g3 Bg7 4. Bg2 0-0 5. 0-0 d6 6. c4 c5 7. d5 e6 8. Nc3 exd5 9. cxd5 Re8 10. Nd2 a6 11. a4 Nbd7 12. Nc4 Ne5 13. Nxe5 Rxe5 14. e4 Re8 15. h3 Rb8 16. a5 b5 17. axb6 Qxb6 18. Re1 Nd7 19. Qa4 Qd8 20. Qc2 c4 21. Ra4 Ne5 22. Rd1 Qc7 23. Bf1 a5 24. Be3 Bd7 25. Ra2 f5 26. f4 Nd3 27. Nb5 Bxb5 28. Bxd3 Rbc8 29. Rc1 Qb7 30. Bf1 Rxe4 31. Bf2 a4 32. Qd2 Bd7 33. Bg2 Qb3 0-1

[Event "IND-ch Blitz"]
[Site "Nashik"]
[Date "2024.03.07"]
[Round "6"]
[White "Sengupta, Deep"]
[Black "Kaustuv, Kundu"]
[Result "0-1"]
[WhiteElo "2355"]
[BlackElo "2187"]
[PlyCount "110"]
[EventDate "2024.03.07"]
[EventType "swiss (blitz)"]
[EventRounds "11"]
[EventCountry "IND"]
[SourceTitle "CB11_2024"]
[SourceDate "2024.03.13"]
[SourceVersion "1"]
[SourceVersionDate "2024.03.13"]
[SourceQuality "1"]

1. Nf3 c5 2. c4 g6 3. Nc3 Bg7 4. b3 Nc6 5. Bb2 Nf6 6. g3 0-0 7. Bg2 e5 8. 0-0 d6 9. Ne1 Be6 10. Nc2 d5 11. cxd5 Nxd5 12. Ne3 Nde7 13. Rc1 Rc8 14. d3 h6 15. Nc4 b6 16. Ne4 Qd7 17. Qd2 Rcd8 18. Rfd1 Kh7 19. f4 f5 20. Nf2 exf4 21. gxf4 Bxb2 22. Qxb2 Nd5 23. Nh3 Nf6 24. Re1 Ng4 25. Rcd1 Bd5 26. e4 Bxc4 27. bxc4 fxe4 28. Bxe4 Nd4 29. Qg2 h5 30. Kh1 Kg7 31. Rd2 Rf6 32. Rf1 Rdf8 33. Qg3 Qd6 34. Rg2 R8f7 35. Ng5 Rf8 36. Nh3 R8f7 37. Ng5 Rf8 38. Nh3 Nf5 39. Qf3 Nfe3 40. Rfg1 Nxg2 41. Rxg2 Rxf4 42. Nxf4 Qxf4 43. Qxf4 Rxf4 44. Kg1 Ne3 45. Rf2 Rxf2 46. Kxf2 Nd1+ 47. Kf3 Nc3 48. a3 Nxe4 49. dxe4 Kf6 50. h4 g5 51. hxg5+ Kxg5 52. Kg3 Kf6 53. Kf4 Ke6 54. a4 h4 55. Kg4 Ke5 0-1

[Event "IND-ch Rapid"]
[Site "Nashik"]
[Date "2024.03.05"]
[Round "5"]
[White "Sammed Jaykumar, Shete"]
[Black "Kaustuv, Kundu"]
[Result "1-0"]
[WhiteElo "2262"]
[BlackElo "2158"]
[PlyCount "51"]
[EventDate "2024.03.04"]
[EventType "swiss (rapid)"]
[EventRounds "11"]
[EventCountry "IND"]
[SourceTitle "CB11_2024"]
[SourceDate "2024.03.13"]
[SourceVersion "1"]
[SourceVersionDate "2024.03.13"]
[SourceQuality "1"]

1. e4 c5 2. c3 d5 3. exd5 Qxd5 4. d4 Nc6 5. Nf3 Bg4 6. dxc5 Qxd1+ 7. Kxd1 e5 8. b4 a5 9. Bb5 Nge7 10. a3 axb4 11. cxb4 0-0-0+ 12. Nbd2 Nd4 13. Be2 Nxe2 14. Kxe2 Nd5 15. Re1 f5 16. Kf1 e4 17. Ne5 Bh5 18. g4 fxg4 19. Nxe4 Be7 20. Bg5 Rhe8 21. Bxe7 Rxe7 22. Nd6+ Kb8 23. Rad1 Nf6 24. Nc6+ bxc6 25. Rxe7 g3 26. Rd4 1-0

[Event "IND-ch Rapid"]
[Site "Nashik"]
[Date "2024.03.04"]
[Round "3"]
[White "Prraneeth, Vuppala"]
[Black "Kaustuv, Kundu"]
[Result "1/2-1/2"]
[WhiteElo "2416"]
[BlackElo "2158"]
[PlyCount "86"]
[EventDate "2024.03.04"]
[EventType "swiss (rapid)"]
[EventRounds "11"]
[EventCountry "IND"]
[SourceTitle "CB11_2024"]
[SourceDate "2024.03.13"]
[SourceVersion "1"]
[SourceVersionDate "2024.03.13"]
[SourceQuality "1"]

1. d4 Nf6 2. c4 g6 3. Nc3 Bg7 4. e4 d6 5. Nge2 0-0 6. Ng3 Nc6 7. d5 Ne5 8. Be2 c6 9. f4 Ned7 10. Be3 cxd5 11. cxd5 h5 12. 0-0 b6 13. Rc1 Bb7 14. h3 Rc8 15. Bd4 h4 16. Nh1 Nc5 17. Nf2 e5 18. fxe5 dxe5 19. Be3 Ne8 20. b4 Nd7 21. Qd2 Nd6 22. Nb5 Nxb5 23. Bxb5 a6 24. Bc6 Bxc6 25. dxc6 Nf6 26. Qe2 b5 27. a4 Nh5 28. Rfd1 Ng3 29. Qc2 Qf6 30. Nh1 Nh5 31. axb5 axb5 32. Qc5 Nf4 33. Qxb5 Bh6 34. Kh2 Kh7 35. c7 Ne6 36. Bxh6 Kxh6 37. Qb6 Qf4+ 38. Kg1 Nd4 39. Qa6 Qe3+ 40. Kh2 Qf4+ 41. Kg1 Qe3+ 42. Kh2 Qf4+ 43. Kg1 Qe3+ 1/2-1/2

[Event "Bhubaneswar SOA op 1st"]
[Site "Bhubaneswar"]
[Date "2024.01.28"]
[Round "1"]
[White "Vignesh, Advaith Vemula"]
[Black "Kaustuv, Kundu"]
[Result "1-0"]
[WhiteElo "2028"]
[BlackElo "2423"]
[PlyCount "69"]
[EventDate "2024.01.28"]
[EventType "swiss"]
[EventRounds "10"]
[EventCountry "IND"]
[SourceTitle "CB06_2024"]
[SourceDate "2024.02.07"]
[SourceVersion "1"]
[SourceVersionDate "2024.02.07"]
[SourceQuality "1"]

1. e4 c5 2. Nf3 Nc6 3. d4 cxd4 4. Nxd4 e6 5. Nc3 Qc7 6. Be2 a6 7. 0-0 Nf6 8. Be3 Be7 9. f4 d6 10. Kh1 0-0 11. Qe1 Nxd4 12. Bxd4 b5 13. Qg3 Bb7 14. a3 Rad8 15. Rae1 g6 16. Bd3 Nh5 17. Qf2 Rd7 18. f5 e5 19. Be3 Bf6 20. Nd5 Bxd5 21. exd5 Qd8 22. g3 Bg7 23. Qf3 Re8 24. Be4 Qc8 25. Bg5 Rc7 26. c3 a5 27. Bd3 Qb7 28. g4 gxf5 29. gxh5 e4 30. Qg2 Kf8 31. h6 Bh8 32. Be2 Qxd5 33. Rd1 Qc5 34. Qh3 Re5 35. Be3 1-0

[Event "Bangalore op 1st"]
[Site "Bangalore"]
[Date "2024.01.21"]
[Round "6"]
[White "Roy Chowdhury, Saptarshi"]
[Black "Kaustuv, Kundu"]
[Result "0-1"]
[WhiteElo "2233"]
[BlackElo "2423"]
[PlyCount "82"]
[EventDate "2024.01.18"]
[EventType "swiss"]
[EventRounds "10"]
[EventCountry "IND"]
[SourceTitle "CB05_2024"]
[SourceDate "2024.01.31"]
[SourceVersion "1"]
[SourceVersionDate "2024.01.31"]
[SourceQuality "1"]

1. Nf3 c5 2. e4 d6 3. Bc4 Nf6 4. d3 Bg4 5. e5 d5 6. Bb3 Ng8 7. h3 Bf5 8. 0-0 Nc6 9. Re1 e6 10. Ba4 Rc8 11. Nbd2 h6 12. Nf1 Nge7 13. d4 Qa5 14. c3 b5 15. Bb3 cxd4 16. Nxd4 Nxd4 17. Qxd4 Nc6 18. Qd1 Qc7 19. Bf4 g5 20. Bg3 Bg7 21. Ne3 Be4 22. a4 bxa4 23. Bxa4 0-0 24. Bxc6 Qxc6 25. Ng4 Rb8 26. Qd2 d4 27. f3 dxc3 28. bxc3 Bg6 29. h4 Rfd8 30. Qc1 Rd3 31. hxg5 Rxc3 32. Qf4 Rc4 33. Qe3 Rb2 34. Nf6+ Bxf6 35. gxf6 Rcc2 36. Rac1 Rxg2+ 37. Kh1 Rgc2 38. Rcd1 Rb8 39. Rf1 Kh7 40. Rd4 Rc3 41. Qf4 Rb1 0-1

[Event "Barcelona Sants op 24th"]
[Site "Barcelona"]
[Date "2023.08.25"]
[Round "8"]
[White "Rivera, Ingris"]
[Black "Kaustuv, Kundu"]
[Result "0-1"]
[WhiteElo "2169"]
[BlackElo "2354"]
[PlyCount "134"]
[EventDate "2023.08.18"]
[EventType "swiss"]
[EventRounds "10"]
[EventCountry "ESP"]
[SourceTitle "CBM 215 Extra"]
[Source "ChessBase"]
[SourceDate "2023.09.30"]
[SourceVersion "1"]
[SourceVersionDate "2023.09.30"]
[SourceQuality "1"]

1. d4 Nf6 2. c4 g6 3. Nc3 Bg7 4. e4 0-0 5. h3 d6 6. Be3 Nc6 7. Nf3 e5 8. d5 Nd4 9. Nxd4 exd4 10. Bxd4 Nxe4 11. Bxg7 Re8 12. Be2 Kxg7 13. Qd4+ Qf6 14. Qxf6+ Kxf6 15. Nxe4+ Rxe4 16. f3 Re7 17. Kf2 Bd7 18. Rhd1 Rae8 19. Bf1 g5 20. Rac1 b6 21. Rc3 a5 22. b3 h5 23. Rd2 Re1 24. Be2 Ra1 25. Kg3 h4+ 26. Kf2 Bf5 27. a4 Rb1 28. Bd1 Re5 29. Be2 Ke7 30. Bd1 Bd7 31. Be2 f5 32. Bd3 Ra1 33. Be2 Kf6 34. Bd1 f4 35. Be2 Bf5 36. Bd1 Rb1 37. Be2 Re3 38. Rxe3 fxe3+ 39. Kxe3 Rxb3+ 40. Kd4 Ra3 41. Bd1 Ra1 42. Bb3 Re1 43. Rf2 Bb1 44. Rb2 Bg6 45. Rf2 Bf5 46. Rd2 Rb1 47. Bd1 Bd7 48. Bc2 Re1 49. Rf2 Bf5 50. Bb3 Rb1 51. Kc3 Ke5 52. Re2+ Kf4 53. Re7 Rg1 54. Rxc7 Rxg2 55. Rc6 Ke5 56. Rxb6 Rg3 57. Bd1 Rxh3 58. Kd2 Rh2+ 59. Ke3 Ra2 60. Rb8 Ra3+ 61. Kf2 Kf4 62. Be2 Ra2 63. c5 dxc5 64. d6 Rd2 65. Rb5 Bd3 66. Rxc5 Rxe2+ 67. Kg1 Bf5 0-1

[Event "Barcelona Sants op 24th"]
[Site "Barcelona"]
[Date "2023.08.23"]
[Round "6"]
[White "Kaustuv, Kundu"]
[Black "Vrolijk, Liam"]
[Result "1/2-1/2"]
[WhiteElo "2354"]
[BlackElo "2558"]
[PlyCount "95"]
[EventDate "2023.08.18"]
[EventType "swiss"]
[EventRounds "10"]
[EventCountry "ESP"]
[SourceTitle "CBM 215 Extra"]
[Source "ChessBase"]
[SourceDate "2023.09.30"]
[SourceVersion "1"]
[SourceVersionDate "2023.09.30"]
[SourceQuality "1"]

1. Nf3 Nf6 2. c4 e6 3. g3 d5 4. Bg2 d4 5. 0-0 Nc6 6. e3 e5 7. d3 Bc5 8. exd4 Bxd4 9. Nxd4 Nxd4 10. Re1 0-0 11. h3 Re8 12. Nd2 Bf5 13. Nb3 Nxb3 14. Qxb3 Qxd3 15. Qxd3 Bxd3 16. Bxb7 Rab8 17. Bg2 Bxc4 18. b3 Bd5 19. Be3 Bxg2 20. Kxg2 a6 21. Rac1 Nd5 22. Rc6 Ra8 23. Bd2 f6 24. Ba5 Re7 25. Rec1 Ra7 26. R1c5 Rd7 27. Kf3 Kf7 28. Ke4 Ne7 29. Rxc7 Raxc7 30. Rxc7 f5+ 31. Kf3 Rxc7 32. Bxc7 Ke6 33. Ba5 Kd5 34. Ke3 Nc6 35. Bc3 g5 36. f3 f4+ 37. gxf4 gxf4+ 38. Kd3 Nd8 39. a4 Ne6 40. b4 Ng5 41. Ke2 Nxh3 42. b5 axb5 43. axb5 Kc5 44. Bxe5 Ng1+ 45. Kf2 Nxf3 46. Kxf3 Kxb5 47. Bxf4 h6 48. Bxh6 1/2-1/2

[Event "Badalona op 47th"]
[Site "Badalona"]
[Date "2023.08.08"]
[Round "7"]
[White "Delgado Romero, Marco"]
[Black "Kaustuv, Kundu"]
[Result "0-1"]
[WhiteElo "2329"]
[BlackElo "2354"]
[PlyCount "66"]
[EventDate "2023.08.02"]
[EventType "swiss"]
[EventRounds "9"]
[EventCountry "ESP"]
[SourceTitle "CBM 215 Extra"]
[Source "ChessBase"]
[SourceDate "2023.09.30"]
[SourceVersion "1"]
[SourceVersionDate "2023.09.30"]
[SourceQuality "1"]

1. e4 c5 2. Nf3 Nc6 3. Bb5 e5 4. 0-0 Bd6 5. c3 a6 6. Bc4 Nf6 7. d4 cxd4 8. cxd4 exd4 9. e5 Bxe5 10. Nxe5 Nxe5 11. Re1 0-0 12. Rxe5 Qc7 13. Rf5 Qxc4 14. Rxf6 gxf6 15. Bh6 d6 16. Qf3 Qe6 17. Qg3+ Qg4 18. Bxf8 Qxg3 19. hxg3 Kxf8 20. Nd2 Be6 21. Nf3 d3 22. b3 Rc8 23. Rd1 Rc2 24. Rxd3 Rxa2 25. Rxd6 Bxb3 26. Nd4 Ra1+ 27. Kh2 Rd1 28. g4 a5 29. Rb6 Rxd4 30. Rxb3 Rb4 31. Rc3 a4 32. Rc8+ Kg7 33. Kh3 Rb6 0-1

[Event "Badalona op 47th"]
[Site "Badalona"]
[Date "2023.08.06"]
[Round "5"]
[White "Kaustuv, Kundu"]
[Black "Almeida Quintana, Omar"]
[Result "1/2-1/2"]
[WhiteElo "2354"]
[BlackElo "2512"]
[PlyCount "108"]
[EventDate "2023.08.02"]
[EventType "swiss"]
[EventRounds "9"]
[EventCountry "ESP"]
[SourceTitle "CBM 215 Extra"]
[Source "ChessBase"]
[SourceDate "2023.09.30"]
[SourceVersion "1"]
[SourceVersionDate "2023.09.30"]
[SourceQuality "1"]

1. c4 g6 2. g3 Bg7 3. Bg2 c5 4. Nc3 Nc6 5. Nf3 d6 6. 0-0 Bf5 7. h3 Qd7 8. Kh2 h6 9. d3 g5 10. e4 Bxh3 11. Bxh3 g4 12. Bxg4 Qxg4 13. Nh4 Qd7 14. Kg2 e6 15. Rb1 Nge7 16. a3 0-0-0 17. Be3 Kb8 18. Ne2 Ne5 19. Nf4 Bf6 20. Rh1 Bxh4 21. Rxh4 f5 22. Qe2 Rdg8 23. Rbh1 Nf7 24. Kf1 fxe4 25. dxe4 Nc6 26. Nd3 e5 27. b4 b6 28. Kg2 Qe6 29. b5 Ne7 30. Qc2 Rg4 31. Rxg4 Qxg4 32. Rh4 Qe6 33. a4 h5 34. a5 Ng6 35. Rh1 h4 36. axb6 axb6 37. f3 hxg3 38. Rxh8+ Nfxh8 39. Kxg3 Nf7 40. Qa2 Ne7 41. Nf2 Nd8 42. Ng4 Nc8 43. Kf2 Qf7 44. Nh6 Qh5 45. Qd2 Qh2+ 46. Kf1 Qh1+ 47. Kf2 Ne6 48. Qd5 Qh2+ 49. Kf1 Nf4 50. Bxf4 Qxf4 51. Nf5 Qxf3+ 52. Ke1 Qh1+ 53. Ke2 Qg2+ 54. Kd3 Qf1+ 1/2-1/2

[Event "Badalona op 47th"]
[Site "Badalona"]
[Date "2023.08.02"]
[Round "1"]
[White "Roa Ribera, Alvaro"]
[Black "Kaustuv, Kundu"]
[Result "0-1"]
[WhiteElo "1930"]
[BlackElo "2354"]
[PlyCount "74"]
[EventDate "2023.08.02"]
[EventType "swiss"]
[EventRounds "9"]
[EventCountry "ESP"]
[SourceTitle "CBM 215 Extra"]
[Source "ChessBase"]
[SourceDate "2023.09.30"]
[SourceVersion "1"]
[SourceVersionDate "2023.09.30"]
[SourceQuality "1"]

1. e4 c5 2. Nc3 g6 3. g3 Bg7 4. Bg2 Nc6 5. d3 Rb8 6. Be3 d6 7. Qd2 b5 8. Nge2 b4 9. Nd1 Nd4 10. Ng1 Qa5 11. c3 Nb3 12. axb3 Qxa1 13. Ne2 bxc3 14. bxc3 Nf6 15. 0-0 0-0 16. Bh6 Rxb3 17. Bxg7 Kxg7 18. f4 Bg4 19. e5 Nd7 20. Ne3 Qb2 21. Qxb2 Rxb2 22. Nxg4 Rxe2 23. Ra1 h5 24. Nf2 dxe5 25. Rxa7 Re1+ 26. Bf1 Nf6 27. Rxe7 Nd5 28. Rxe5 Rxe5 29. fxe5 Nxc3 30. d4 cxd4 31. Nd3 Rb8 32. Kf2 Rb1 33. Bg2 Rd1 34. Nf4 g5 35. Nxh5+ Kg6 36. g4 Rd2+ 37. Kf3 Rxg2 0-1

[Event "Sitges op 47th"]
[Site "Sitges"]
[Date "2023.07.24"]
[Round "3"]
[White "Villanueva, Mario Nicolas"]
[Black "Kaustuv, Kundu"]
[Result "1-0"]
[WhiteElo "2478"]
[BlackElo "2266"]
[PlyCount "47"]
[EventDate "2023.07.22"]
[EventType "swiss"]
[EventRounds "9"]
[EventCountry "ESP"]
[SourceTitle "CBM 215 Extra"]
[Source "ChessBase"]
[SourceDate "2023.09.30"]
[SourceVersion "1"]
[SourceVersionDate "2023.09.30"]
[SourceQuality "1"]

1. e4 c6 2. d4 d5 3. e5 c5 4. dxc5 e6 5. c3 Bxc5 6. Qg4 g6 7. Bd3 Nc6 8. Nf3 f6 9. Qh3 Nxe5 10. Nxe5 fxe5 11. Bxg6+ Kd7 12. 0-0 Nf6 13. Bc2 Kc7 14. b4 Bd6 15. Bg5 h6 16. Bh4 e4 17. c4 Kb8 18. Nc3 Rg8 19. Rad1 Qf8 20. Bxf6 e5 21. Qe3 d4 22. Rxd4 exd4 23. Qxd4 Bc7 24. Nb5 1-0

[Event "Barcelona Sant Marti op-A 23rd"]
[Site "Barcelona"]
[Date "2023.07.21"]
[Round "9"]
[White "Kaustuv, Kundu"]
[Black "Macovei, Andrei"]
[Result "1/2-1/2"]
[WhiteElo "2266"]
[BlackElo "2436"]
[PlyCount "62"]
[EventDate "2023.07.13"]
[EventType "swiss"]
[EventRounds "9"]
[EventCountry "ESP"]
[SourceTitle "CBM 215 Extra"]
[Source "ChessBase"]
[SourceDate "2023.09.30"]
[SourceVersion "1"]
[SourceVersionDate "2023.09.30"]
[SourceQuality "1"]

1. Nf3 Nf6 2. c4 e6 3. g3 d5 4. Bg2 Be7 5. 0-0 0-0 6. b3 b6 7. Bb2 Bb7 8. e3 c5 9. Nc3 Qc8 10. Rc1 Rd8 11. cxd5 Nxd5 12. Nxd5 Bxd5 13. Re1 Nd7 14. d4 Nf6 15. Qe2 a5 16. dxc5 bxc5 17. Bxf6 Bxf6 18. e4 Bb7 19. e5 Be7 20. Nd2 Bxg2 21. Kxg2 a4 22. Ne4 axb3 23. axb3 Rb8 24. Red1 Qb7 25. Rxd8+ Rxd8 26. Qf3 Qd5 27. Nd6 Qxf3+ 28. Kxf3 Bxd6 29. exd6 Rxd6 30. Rxc5 Kf8 31. Ke3 Rb6 1/2-1/2

[Event "Barcelona Sant Marti op-A 23rd"]
[Site "Barcelona"]
[Date "2023.07.19"]
[Round "7"]
[White "Kaustuv, Kundu"]
[Black "Alvarez Calzadilla, Jose Avelino"]
[Result "1-0"]
[WhiteElo "2266"]
[BlackElo "2364"]
[PlyCount "131"]
[EventDate "2023.07.13"]
[EventType "swiss"]
[EventRounds "9"]
[EventCountry "ESP"]
[SourceTitle "CBM 215 Extra"]
[Source "ChessBase"]
[SourceDate "2023.09.30"]
[SourceVersion "1"]
[SourceVersionDate "2023.09.30"]
[SourceQuality "1"]

1. c4 Nf6 2. Nc3 g6 3. Nf3 Bg7 4. e4 e5 5. Nxe5 0-0 6. Bd3 Re8 7. Nf3 Nxe4 8. Bxe4 Bxc3 9. dxc3 Rxe4+ 10. Be3 Nc6 11. Qd5 Qe8 12. 0-0-0 d6 13. h3 Rxe3 14. fxe3 Be6 15. Qe4 Qd7 16. Rhe1 a5 17. Ng5 Bf5 18. Qh4 f6 19. Ne4 Bxe4 20. Qxe4 Re8 21. Qd5+ Kg7 22. c5 Re5 23. Qc4 Re6 24. Qb5 Re5 25. Qc4 Re6 26. cxd6 Rxd6 27. Rxd6 Qxd6 28. Rd1 Qe7 29. Qd3 Ne5 30. Qd5 b6 31. Kb1 Nf7 32. e4 Nd6 33. Rd4 h5 34. g4 hxg4 35. hxg4 g5 36. a4 Qe8 37. Kc1 Kg6 38. Rd2 Kg7 39. b3 Qe7 40. Kb2 Qe8 41. Rh2 Qe7 42. Qa8 Nf7 43. Rd2 Nd6 44. Qc6 Kg6 45. e5 fxe5 46. Qh1 e4 47. Qh5+ Kf6 48. Rd5 Qg7 49. Kc2 e3 50. Rd3 Ke6 51. Rxe3+ Kd7 52. Kb2 Qf6 53. Qh7+ Kc8 54. Qg8+ Kd7 55. Re2 Qf4 56. Qe6+ Kc6 57. Rg2 Kb7 58. Qd5+ Kc8 59. Qd4 Qf7 60. Qe3 Qg6 61. Rf2 Qh6 62. Ka2 Qg6 63. c4 Ne4 64. Re2 Nf6 65. Qe6+ Kb7 66. Rf2 1-0

[Event "Barcelona Sant Marti op-A 23rd"]
[Site "Barcelona"]
[Date "2023.07.18"]
[Round "6"]
[White "Perez Pastora, Evaristo"]
[Black "Kaustuv, Kundu"]
[Result "0-1"]
[WhiteElo "2093"]
[BlackElo "2266"]
[PlyCount "56"]
[EventDate "2023.07.13"]
[EventType "swiss"]
[EventRounds "9"]
[EventCountry "ESP"]
[SourceTitle "CBM 215 Extra"]
[Source "ChessBase"]
[SourceDate "2023.09.30"]
[SourceVersion "1"]
[SourceVersionDate "2023.09.30"]
[SourceQuality "1"]

1. e4 c5 2. Nf3 Nc6 3. g3 g6 4. Bg2 Bg7 5. 0-0 Nf6 6. Re1 0-0 7. d3 d6 8. Nbd2 e5 9. Nc4 h6 10. c3 Be6 11. a4 Qc7 12. Ne3 Rad8 13. c4 Qd7 14. Bd2 Ng4 15. Nh4 Nxe3 16. Bxe3 g5 17. Nf3 f5 18. exf5 Bxf5 19. Qb1 Nb4 20. Ra3 Nxd3 21. Rxd3 e4 22. Rd5 exf3 23. Rxf5 Qxf5 24. Qxf5 Rxf5 25. Bh3 Re5 26. Bg4 Rf8 27. Rd1 Re4 28. Bh3 Bd4 0-1

[Event "Barcelona Sant Marti op-A 23rd"]
[Site "Barcelona"]
[Date "2023.07.15"]
[Round "3"]
[White "Kaustuv, Kundu"]
[Black "Shyam, Nikil P"]
[Result "1/2-1/2"]
[WhiteElo "2266"]
[BlackElo "2473"]
[PlyCount "82"]
[EventDate "2023.07.13"]
[EventType "swiss"]
[EventRounds "9"]
[EventCountry "ESP"]
[SourceTitle "CBM 215 Extra"]
[Source "ChessBase"]
[SourceDate "2023.09.30"]
[SourceVersion "1"]
[SourceVersionDate "2023.09.30"]
[SourceQuality "1"]

1. c4 e6 2. Nf3 d5 3. e3 dxc4 4. Bxc4 a6 5. d4 c5 6. 0-0 cxd4 7. exd4 Nf6 8. Nc3 b5 9. Bb3 Bb7 10. Re1 Be7 11. Bg5 b4 12. Ba4+ Nbd7 13. d5 0-0 14. dxe6 Nc5 15. exf7+ Rxf7 16. Ne5 bxc3 17. Nxf7 Qxd1 18. Bxd1 cxb2 19. Rb1 Kxf7 20. Rxb2 Rd8 21. Be2 Rd7 22. h3 Be4 23. Bc4+ Kg6 24. Bh4 Rd4 25. Bf1 Kf7 26. f3 Na4 27. Rbe2 Nc3 28. Rxe4 Nfxe4 29. Bxe7 Kxe7 30. Bxa6 Kd6 31. fxe4 Nxa2 32. e5+ Ke7 33. Bb7 Nb4 34. Be4 g6 35. Bf3 h5 36. Kh2 Ke6 37. Be4 Nd3 38. Re3 Nxe5 39. Bxg6 h4 40. Re4 Rxe4 41. Bxe4 Kf6 1/2-1/2

[Event "Barbera del Valles op 45th"]
[Site "Barbera del Valles"]
[Date "2023.07.10"]
[Round "7"]
[White "Kaustuv, Kundu"]
[Black "Jimenez Garcia, Emanuel"]
[Result "1/2-1/2"]
[WhiteElo "2266"]
[BlackElo "2437"]
[PlyCount "52"]
[EventDate "2023.07.04"]
[EventType "swiss"]
[EventRounds "9"]
[EventCountry "ESP"]
[SourceTitle "CBM 215 Extra"]
[Source "ChessBase"]
[SourceDate "2023.09.30"]
[SourceVersion "1"]
[SourceVersionDate "2023.09.30"]
[SourceQuality "1"]

1. Nf3 d6 2. d4 Nf6 3. c4 g6 4. Nc3 Bf5 5. g3 Ne4 6. Nd5 c6 7. Ne3 Qa5+ 8. Nd2 Bg7 9. Nxf5 Qxf5 10. f3 Nxd2 11. Qxd2 Nd7 12. Bg2 c5 13. e4 Qf6 14. dxc5 Nxc5 15. Rb1 a5 16. b3 Qc3 17. Qxc3 Bxc3+ 18. Ke2 e5 19. Be3 Ke7 20. Bh3 Bb4 21. Rhd1 a4 22. Bxc5 dxc5 23. a3 Bxa3 24. bxa4 Bb4 25. Bd7 Rhd8 26. Bb5 Rxd1 1/2-1/2